000
00331nam a22001457a 4500
003
CEME
005
20210628202244.0
008
210301b xxu||||| |||| 00| 0 eng d
040
_c
.
082
_a
891.4393 TAR
100
_a
Tariq Esmail Sagar
_9
59030
245
_a
Sazish
650
_a
URDU ADAB-NOVEL
_9
20918
942
_c
BK
_2
ddc
999
_c
569094
_d
569094